Egypt : a brief history from ancient to modern times /

محفوظ في:

المؤلف الرئيسي: Elgood, Percival George, 1863-1941.

التنسيق: كتاب

اللغة: English

منشور في: Cairo : Anglo Egyptian Bookshop, 1949.

الموضوعات:

الوسوم: إضافة وسم

لا توجد وسوم, كن أول من يضع وسما على هذه التسجيلة!

رقم الطلب: DT49 .E4 1949

LEADER 00740cam a2200229Ii 4500
001 ocm07620752
003 OSt
005 20260324103748.0
008 810728s1949 ua b 001 0 eng d
040 |c ARCE Library 
043 |a f-ua--- 
050 4 |a DT49 .E4 1949 
100 1 |a Elgood, Percival George,  |d 1863-1941. 
245 1 0 |a Egypt :   |b a brief history from ancient to modern times /   |c by P. G. Elgood. 
264 1 |a Cairo :  |b Anglo Egyptian Bookshop,  |c 1949. 
300 |a 168 pages ;   |c 20 cm. 
500 |a New English ed. with additional chapters. Cairo, Anglo Egyptian Bookshop, 1949. 
504 |a Includes bibliographical references and index. 
651 0 |a Egypt  |x History. 
901 |a reviewed 
942 |2 lcc  |c BK 
999 |c 55577  |d 55577